| 000 | 01499nam a2200301 a 4500 | ||
|---|---|---|---|
| 001 | ebr10379901 | ||
| 003 | CaPaEBR | ||
| 006 | m u | ||
| 007 | cr cn||||||||| | ||
| 008 | 100517s2010 dcua sb 000 0 eng d | ||
| 020 | _z9780309146869 | ||
| 020 | _z0309146860 | ||
| 040 |
_aCaPaEBR _cCaPaEBR |
||
| 035 | _a(OCoLC)657415975 | ||
| 043 | _an-us--- | ||
| 050 | 1 | 4 |
_aHE8678 _b.S64 2010eb |
| 245 | 0 | 0 |
_aSpectrum management for science in the 21st century _h[electronic resource] / _cCommittee on Scientific Use of the Radio Spectrum, Committee on Radio Frequencies, Board on Physics and Astronomy, Division on Engineering and Physical Sciences, National Research Council of the National Academies. |
| 260 |
_aWashington, D.C. : _bNational Academies Press, _c2010. |
||
| 300 |
_axviii, 230 p. : _bill. (some col.) |
||
| 504 | _aIncludes bibliographical references. | ||
| 533 |
_aElectronic reproduction. _bPalo Alto, Calif. : _cebrary, _d2010. _nAvailable via World Wide Web. _nAccess may be limited to ebrary affiliated libraries. |
||
| 650 | 0 |
_aRadio frequency allocation _xGovernment policy _zUnited States. |
|
| 650 | 0 |
_aRadio frequency allocation _zUnited States _xManagement. |
|
| 655 | 7 |
_aElectronic books. _2local |
|
| 710 | 2 |
_aNational Research Council (U.S.). _bCommittee on Scientific Use of the Radio Spectrum. |
|
| 710 | 2 | _aebrary, Inc. | |
| 856 | 4 | 0 |
_uhttp://site.ebrary.com/lib/rucke/Doc?id=10379901 _zAn electronic book accessible through the World Wide Web; click to view |
| 999 |
_c205831 _d205831 |
||